| 000 | 00000nam##2200000za#4500 |
| 001 | 9.531241 |
| 003 | CaOODSP |
| 005 | 20220328113237 |
| 007 | ta |
| 008 | 150406|1998||||xxc||||| f|0| 0 fre|d |
| 020 | |a0-662-63796-8 |
| 040 | |aCaOODSP|bfre |
| 041 | |aeng |
| 041 | |afre |
| 043 | |an-cn--- |
| 086 | 1 |aC21-27/2-1998-2 |
| 110 | 1 |aCanada. |bIndustrie Canada. |
| 245 | 10|aVisualiser le 21e siècle: investissements en infrastructure pour la croissance économique, le bien-être et le mieux-être des Canadiens / |cpar Christian DeBresson et Stéphanie Barker. |
| 260 | |aOttawa - Ontario : |bIndustrie Canada |c1998. |
| 300 | |aTexte français, 92p. : |bgraphiques, références, tableaux ; |c23 cm. |
| 490 | 1 |aLe Canada au XXIe siècle. II, Ressources et technologie|vNo. 6 |
| 546 | |aBilingue |
| 563 | |aCouverture souple |
| 590 | |a99-43|b1999-10-29 |
| 691 | 07|aDéveloppement économique|2gcpds |
| 691 | 07|aInvestissement|2gcpds |
| 720 | 1 |aDeBresson, Christian |
| 720 | 1 |aBarker, Stéphanie |
| 776 | 0#|tLooking to the 21st century : |w(CaOODSP)9.571952 |
| 776 | 0#|tVisualiser le 21e siècle : |w(CaOODSP)9.602372 |
| 791 | |tLooking to the 21st century: infrastructure investments for economic growth and for the welfare and well-being of Canadians / |eeng|w(CaOODSP)9.531240 |
| 830 | #0|aLe Canada au XXIe siècle. II, Ressources et technologie ;|vNo. 6|w(CaOODSP)9.509065 |